000 00622nam a22002177a 4500
003 UA-OsUOA
001 58458
007 ta
008 20090210b un ||||| |||| 00| 0 ukr d
090 _a323 (394.5: 569.4)
_bО-60
942 _cBK
040 _aUA-OsUOA
_brus
_cUA-OsUOA
_dUA-OsUOA
245 _aОпасность! Палестинское государство к западу от Иордана. Альтернативы
300 _a88 с.
955 _a4
041 _arus
080 _a323 (394.5: 569.4)
260 _aИерусалим
_c2006
650 7 _a32 Політика
_2UDC
999 _c344541
_d344541